Central Library OPAC University of Rajshahi

দর্শন ও মনোবিদ্যা পরিভাষাকোষ / (Record no. 28900)

MARC details
000 -LEADER
fixed length control field 01365nam a2200337 a 4500
001 - CONTROL NUMBER
control field 28900
003 - CONTROL NUMBER IDENTIFIER
rucl marc code BD-RjUL
005 - DATE AND TIME OF LATEST TRANSACTION
control field 20211209051339.0
008 - FIXED-LENGTH DATA ELEMENTS--GENERAL INFORMATION
fixed length control field 190312m19861978bg 000 0 ben d
020 ## - INTERNATIONAL STANDARD BOOK NUMBER
Terms of availability : Tk. 40.00 (V-1) ; Tk. 175.00 (V-2)
035 ## - SYSTEM CONTROL NUMBER
System control number (BD-RjUL)28984
040 ## - CATALOGING SOURCE
Original cataloging agency BD-RjUL
Transcribing agency BD-RjUL
Modifying agency BD-RjUL
Language of cataloging ben
041 ## - LANGUAGE CODE
Language code of text/sound track or separate title ben
082 00 - DEWEY DECIMAL CLASSIFICATION NUMBER
Classification number 103
Author mark and year HAD V-1-2 1978-1986
100 1# - MAIN ENTRY--PERSONAL NAME
Personal name হাই, সাইয়েদ আবদুল
9 (RLIN) 117034
245 10 - TITLE STATEMENT
Title দর্শন ও মনোবিদ্যা পরিভাষাকোষ /
Statement of responsibility, etc. সাইয়েদ আবদুল হাই
250 ## - EDITION STATEMENT
Edition statement ১ম সং.
260 ## - PUBLICATION, DISTRIBUTION, ETC. (IMPRINT)
Place of publication, distribution, etc. ঢাকা :
Name of publisher, distributor, etc. বাংলা একাডেমী,
Date of publication, distribution, etc. ১৯৭৮.
300 ## - PHYSICAL DESCRIPTION
Pagination ২ খণ্ড ;
Size ২১ সেমি.
490 ## - SERIES STATEMENT
Series statement বা এ ;
Volume/sequential designation ৯৮৬ (V-1)
Series statement বা এ ;
Volume/sequential designation ১৮৯৪ (V-2)
504 ## - BIBLIOGRAPHY, ETC. NOTE
Bibliography, etc গ্রন্থপঞ্জি সংযুক্ত
505 0# - FORMATTED CONTENTS NOTE
Formatted contents note খণ্ড ১ (A-L) -- খণ্ড ২ (M-Z)
650 ## - SUBJECT ADDED ENTRY--TOPICAL TERM
Topical term or geographic name as entry element দর্শন
Form subdivision অভিধান
9 (RLIN) 117035
Topical term or geographic name as entry element Philosophy
Form subdivision Dictionaries.
9 (RLIN) 117036
Topical term or geographic name as entry element মনোবিজ্ঞান
Form subdivision অভিধান
9 (RLIN) 229303
Topical term or geographic name as entry element Psychology
Form subdivision Dictionaries
9 (RLIN) 229304
830 ## - SERIES ADDED ENTRY--UNIFORM TITLE
Uniform title বা এ ;
Volume number/sequential designation ৯৮৬ (V-1)
Uniform title বা এ ;
Volume number/sequential designation ১৮৯৪ (V-2)
942 ## - ADDED ENTRY ELEMENTS (KOHA)
Source of classification or shelving scheme Dewey Decimal Classification
Koha item type Reference
Holdings
Lost status Source of classification or shelving scheme Damaged status Not for loan Collection code Permanent Location Current Location Shelving location Date acquired Source of acquisition Cost, normal purchase price Total Checkouts Full call number Date last seen Copy number Koha item type Date checked out
  Dewey Decimal Classification   Not For Loan Reference Central Library, University of Rajshahi Central Library, University of Rajshahi   03/08/1983 Aligorh Library, Rajshahi 40.00   BR 103 HAD V-1 1978 05/07/2015 C-1 Reference  
  Dewey Decimal Classification   Not For Loan Reference Central Library, University of Rajshahi Central Library, University of Rajshahi   03/08/1983 Aligarh Library, Dacca 40.00 1 BR 103 HAD V-1 1978 19/08/2015 C-2 Reference 04/08/2015
  Dewey Decimal Classification   Not For Loan Reference Central Library, University of Rajshahi Central Library, University of Rajshahi   03/08/1983 Aligorh Library, Rajshahi 40.00   BR 103 HAD V-1 1978 25/04/2016 C-4 Reference  
  Dewey Decimal Classification   Not For Loan Reference Central Library, University of Rajshahi Central Library, University of Rajshahi   03/05/1980 Bangla Academy, Dhaka 40.00   BR 103 HAD V-1 1978 02/05/2016 C-5 Reference  
  Dewey Decimal Classification   Not For Loan Reference Central Library, University of Rajshahi Central Library, University of Rajshahi   03/05/1980 Aligorh Library, Rajshahi 40.00   BR 103 HAD V-1 1978 02/05/2016 C-6 Reference  
  Dewey Decimal Classification   Not For Loan Reference Central Library, University of Rajshahi Central Library, University of Rajshahi   23/02/1986 Bangla Academy, Dhaka 40.00   BR 103 HAD V-1 1978 02/05/2016 C-7 Reference  
  Dewey Decimal Classification   Not For Loan Reference Central Library, University of Rajshahi Central Library, University of Rajshahi   03/05/1980 Bangla Academy, Dhaka 40.00   BR 103 HAD V-1 1978 02/05/2016 C-8 Reference  
  Dewey Decimal Classification   Not For Loan Reference Central Library, University of Rajshahi Central Library, University of Rajshahi   03/05/1980 Bangla Academy, Dhaka 40.00   BR 103 HAD V-1 1978 02/05/2016 C-9 Reference  
  Dewey Decimal Classification   Not For Loan Reference Central Library, University of Rajshahi Central Library, University of Rajshahi   03/05/1980 Bangla Academy, Dhaka 40.00   BR 103 HAD V-1 1978 02/05/2016 C-10 Reference  
  Dewey Decimal Classification   Not For Loan Reference Central Library, University of Rajshahi Central Library, University of Rajshahi   03/05/1980 Bangla Academy, Dhaka 40.00   BR 103 HAD V-1 1978 17/05/2016 C-3 Reference  
  Dewey Decimal Classification   Not For Loan Reference Central Library, University of Rajshahi Central Library, University of Rajshahi   29/10/1987 Dhaka, Bangla Academy 175.00   BR 103 HAD V-2 1986 12/03/2019 C-1 Reference  
  Dewey Decimal Classification   Not For Loan Reference Central Library, University of Rajshahi Central Library, University of Rajshahi   09/12/2021 Dhaka :Bangla Academy 40.00   BR 103 HAD V-1 1978 23/03/2021 C-11 Reference